Państwa o największej powierzchni w tropikach - Statystyki

Ogólne statystyki
  • Ten quiz został rozwiązany 11 razy
  • Średni wynik to 16 z 20
Statystyki odpowiedzi
Km² % w tropikach Państwo % Poprawnych
7,88 mln 92,5 Brazylia
100%
1,91 mln 100 Indonezja
100%
1,14 mln 100 Kolumbia
100%
1,29 mln 100 Peru
100%
1,10 mln 100 Boliwia
90%
1,28 mln 100 Czad
90%
2,34 mln 100 Demokratyczna Republika Konga
90%
1,90 mln 60 Indie
90%
1,25 mln 99 Niger
90%
0,923 mln 100 Nigeria
90%
0,916 mln 100 Wenezuela
90%
2,89 mln 37,5 Australia
80%
0,982 mln 50 Meksyk
80%
1,10 mln 100 Etiopia
70%
1,89 mln 100 Sudan
70%
0,945 mln 100 Tanzania
70%
1,25 mln 100 Angola
60%
1,07 mln 50 Arabia Saudyjska
60%
1,18 mln 95 Mali
60%
0,902 mln 87,5 Mauretania
50%
Nie znaleziono quizów pasujących do podanych kryteriów
Rozkład punktacji
Procent ludzi z każdym wynikiem
Percentyl według liczby udzielonych odpowiedzi
Twoja historia wyników
Nie rozwiązałeś tego quizu